000 00252nam a22001217a 4500
008 181015b xxu||||| |||| 00| 0 eng d
041 _aeng
080 _a371
100 _a25
101 _aEDU
245 _aStrong foundations
_cAAE
942 _2udc
_cBK
999 _c49628
_d49628